• 首页
  • 本馆介绍
  • 公告通知
  • 最新文献
  • 馆藏检索
  • 电子资源
  • 读者导购
  • 参考咨询
  • 我的图书馆
  • 登录
  • 详细信息显示
  • 放入我的书架
  • 预约/预借图书
  • 作者相关作品
  • 分类相关作品
  • 丛书相关作品
  • 出版社相关作品

书目信息

  • 表格格式
  • 工作单格式
  • 卡片格式
题名:
课堂上的家国情怀
    
 
作者: 张波 , 叶艳 , 贠献臣 主编
分册:  
出版信息: 北京   中国社会出版社  2021.6
页数: 321页
开本: 24cm
丛书名:
单 册:
中图分类: G621.4
科图分类:
主题词: 爱国主义教育--教学研究--小学
电子资源:
ISBN: 978-7-5087-6532-7
000 01187nam0 2200253 45
001 012001003512
005 20140909165034.0
010    @a978-7-5087-6532-7@dCNY88.00
100    @a20210509d2021 em y0chiy0110 ea
101 0  @achi
102    @aCN@b110000
105    @ay z 000yy
106    @ar
200 1  @a课堂上的家国情怀@Ake tang shang de jia guo qing huai@f张波, 叶艳, 贠献臣主编
210    @a北京@c中国社会出版社@d2021.6
215    @a321页@d24cm
330    @a本书是由全国校长发展专业委员会发起,全国百所学校联合主办的百校爱国主义教育“7·1”主题活动的成果集之一。其中“师师一节爱国教育精品课”活动时间最为持久、参与人数最为广泛,覆盖了全学段、全课型,充分体现了课堂在教学过程中的主渠道、主阵地作用。本书分收录课堂实践或立足课堂实践的育人思考文章200篇,同时编著为每篇文章做了精彩点评。这本歌颂祖国、讴歌时代、赞美英雄的精选集是百校爱国主义教育主题活动的一个缩影,也是广大教育工作者不忘初心,实现“五育并举 全面育人”的新起点。
606 0  @a爱国主义教育@x教学研究@x小学
690    @aG621.4@v5
701  0 @a张波@Azhang bo@4主编
701  0 @a叶艳@Aye yan@4主编
701  0 @a贠献臣@Ayun xian chen@4主编
801    @aCN@bAHXH@c20210922
905    @b1326507-11@dG621.4@e2216@f5
    
    课堂上的家国情怀/张波, 叶艳, 贠献臣主编.-北京:中国社会出版社,2021.6
    321页;24cm
    
    
    ISBN 978-7-5087-6532-7:CNY88.00
    本书是由全国校长发展专业委员会发起,全国百所学校联合主办的百校爱国主义教育“7·1”主题活动的成果集之一。其中“师师一节爱国教育精品课”活动时间最为持久、参与人数最为广泛,覆盖了全学段、全课型,充分体现了课堂在教学过程中的主渠道、主阵地作用。本书分收录课堂实践或立足课堂实践的育人思考文章200篇,同时编著为每篇文章做了精彩点评。这本歌颂祖国、讴歌时代、赞美英雄的精选集是百校爱国主义教育主题活动的一个缩影,也是广大教育工作者不忘初心,实现“五育并举 全面育人”的新起点。
●
相关链接 在E读中查询图书 在五车中查询图书 在当当中查询图书 在豆瓣中查询图书


正题名:课堂上的家国情怀     索取号:G621.4/2216         预约/预借

序号 登录号 条形码 馆藏地/架位号 状态 备注
1 1326507   213265072   第一样本阅览室/ [索取号:G621.4/2216] 在馆    
2 1326508   213265081   教育系资料室/ [索取号:G621.4/2216] 在馆    
3 1326509   213265090   教育系资料室/ [索取号:G621.4/2216] 在馆    
4 1326510   213265107   第四借阅区/ [索取号:G621.4/2216] 在馆    
5 1326511   213265116   第四借阅区/ [索取号:G621.4/2216] 在馆    
唐山师范学院图书馆 欢迎您!
大连网信软件有限公司© 版权所有